000 00268nam a2200109Ia 4500
008 200302s9999 xx 000 0 und d
100 _aIrving Skeist
245 _aPlastics in Building
260 _bRenhold Publishing Corporation Inc.
260 _c1966
300 _a466 P.,
999 _c426
_d426